Văn kiện Đại hội đại biểu toàn quốc lần thứ XI /

Bewaard in:
Bibliografische gegevens
Coauteur: Đảng Cộng sản Việt Nam.
Formaat: Sách giấy
Taal:Vietnamese
Gepubliceerd in: H. : Chính trị Quốc gia-Sự thật, 2011.
Onderwerpen:
Tags: Voeg label toe
Geen labels, Wees de eerste die dit record labelt!
Thư viện lưu trữ: Thư viện Trường Đại học Đà Lạt
LEADER 00776nam a2200289 4500
001 DLU140162284
005 ##20140623
040 # # |a DLU  |b vie 
041 # # |a vie 
044 # # |a vn 
082 # # |a 324.23  |b DAN 
110 # # |a Đảng Cộng sản Việt Nam. 
245 # # |a Văn kiện Đại hội đại biểu toàn quốc lần thứ XI /  |c Đảng Cộng sản Việt Nam. 
260 # # |a H. :  |b Chính trị Quốc gia-Sự thật,  |c 2011. 
300 # # |a 336 tr. ;  |c 19 cm. 
610 # # |a Đảng Cộng sản Việt Nam  |x Văn kiện. 
923 # # |a 01/2014LS 
991 # # |a SH 
992 # # |a 32000 
994 # # |a KLS 
900 # # |a True 
911 # # |a Đào Thị Thu Huyền 
925 # # |a G 
926 # # |a A 
927 # # |a SH 
980 # # |a Thư viện Trường Đại học Đà Lạt